Top 20 A.F.C Bournemouth Goalscorers in the Premier League - Statistics

General Stats
  • This quiz has been taken 48 times
    35 since last reset
  • The average score is 13 of 21
Answer Stats
N Player Nationality Goals % Correct
1 Josh King Norwegian 48
96%
2 Callum Wilson English 41
92%
4 Dominic Solanke English 16
92%
14 Harry Wilson Welsh 7
92%
4 Ryan Fraser Scottish 16
88%
19 Antoine Semenyo Ghanaian 4
84%
10 Philip Billing Danish 9
80%
10 David Brooks Welsh 9
72%
7 Nathan Aké Dutch 11
72%
8 Steve Cook English 10
72%
13 Jefferson Lerma Colombian 8
64%
16 Adam Smith English 5
56%
19 Matt Ritchie Scottish 4
56%
10 Charlie Daniels English 9
48%
8 Benik Afobe Congolese 10
44%
6 Dan Gosling English 12
44%
16 Kieffer Moore Welsh 5
44%
3 Junior Stanislas English 21
40%
14 Marcus Tavernier English 7
40%
19 Jermain Defoe English 4
36%
16 Marc Pugh English 5
28%
No matching quizzes found
Score Distribution
Percent of People with Each Score
Percentile by Number Answered
Your Score History
You have not taken this quiz since the last reset